000 00586nam a2200241Ia 4500
003 OSt
005 20220924151630.0
006 a|||||r|||| 00| 0
007 ta
008 220923b |||||||| |||| 00| 0 tel d
020 _c60.00
024 _a338483
037 _cTextual
040 _aARTS
_cARTS
_btel
041 _2tel
_atel
082 _aR61,4, 35N5.1
100 _aMalayala Swami
_9224629
245 0 _aDharmopanyasamlu
260 _c1995
650 _aPHILOSOPHY
942 _hR61,4, 35N5.1
_cTEXL
_2CC
999 _c467225
_d467225